Radhakamal Mukerjee: (Record no. 19384)

MARC details
000 -LEADER
fixed length control field 00939nam a22002652 4500
005 - DATE AND TIME OF LATEST TRANSACTION
control field 20070419102910.0
008 - FIXED-LENGTH DATA ELEMENTS--GENERAL INFORMATION
fixed length control field 820323s1923 enk 000 0 eng
010 ## - LCCN (DPL NO)
LC control number ENG-91959
020 ## - INTERNATIONAL STANDARD BOOK NUMBER
International Standard Book Number 9788174875778
Terms of availability 350.00
020 ## - INTERNATIONAL STANDARD BOOK NUMBER
International Standard Book Number 8174875778
Terms of availability 350.00
035 ## - SYSTEM CONTROL NUMBER
System control number EN-75492
037 ## - SOURCE OF ACQUISITION
Source of stock number/acquisition DBAD / PUB
040 ## - CATALOGING SOURCE
Original cataloging agency dpl
Language of cataloging English
082 ## - DEWEY DECIMAL CLASSIFICATION NUMBER
Classification number 921
245 ## - TITLE STATEMENT
Title Radhakamal Mukerjee:
Remainder of title an eminent scholar, saint and social worker /
Statement of responsibility, etc edited by G.R. Madan
260 ## - PUBLICATION, DISTRIBUTION, ETC. (IMPRINT)
Place of publication, distribution, etc New Delhi
Name of publisher, distributor, etc Radha Publications
Date of publication, distribution, etc 2008
300 ## - PHYSICAL DESCRIPTION
Extent xx, 231p.
Dimensions 22 cm (Hb)
500 ## - GENERAL NOTE
General note Includes index
600 ## - SUBJECT ADDED ENTRY--PERSONAL NAME
Personal name Mukherjee, Radhakamal, 1889-1968
650 ## - SUBJECT ADDED ENTRY--TOPICAL TERM
Topical term or geographic name as entry element Social reformers
Geographic subdivision India
General subdivision Biography.
650 ## - SUBJECT ADDED ENTRY--TOPICAL TERM
Topical term or geographic name as entry element Social scientists
Geographic subdivision India
General subdivision Biography.
700 ## - ADDED ENTRY--PERSONAL NAME
Personal name Madan, G.R.
942 ## - ADDED ENTRY ELEMENTS (KOHA)
Source of classification or shelving scheme Dewey Decimal Classification
Item type English Books
Call number suffix MUK
Classification part 921
Holdings
Withdrawn status Lost status Source of classification or shelving scheme Damaged status Not for loan Collection code Home library Current library Date acquired Source of acquisition Cost, normal purchase price Total Checkouts Full call number Barcode Date last seen Copy number Cost, replacement price Koha item type
    Dewey Decimal Classification   Not For Loan Non-fiction D.B.Act.Division D.B.Act.Division 02/12/2008 DBAD / PUB 350.00   921 MUK EN-75492 02/12/2008 1 350.00 English Books

© Delhi Public Library
Hit Counter
free hit counter